| 000 | 00835nam a2200205Ia 4500 | ||
|---|---|---|---|
| 003 | CO-CtgCURN | ||
| 005 | 20250410161544.0 | ||
| 008 | 190723s9999 xx 000 0 und d | ||
| 040 |
_aCO-CtgCURN _bspa _ccoctgcurn |
||
| 082 |
_a343.861 _bC178s |
||
| 110 | _aColombia. Superintendencia de Servicios públicos Domiciliarios | ||
| 245 | 0 |
_aServicios públicos domiciliarios : _bactualidad juridica / _cSuperintendencia de Servicios públicos Domiciliarios |
|
| 260 |
_aBogotá, Colombia : _bSuperintendencia de Servicios públicos Domiciliarios, _c2001 |
||
| 300 |
_a447 páginas ; _c23 centímetros |
||
| 521 | _aAREA PROFESIONAL | ||
| 590 | _aPrograma de Derecho_18 | ||
| 650 | _aDocumentos negociables | ||
| 942 |
_cBK _h343.861 _iC178s _2ddc _n0 |
||
| 999 |
_c28624 _d28624 |
||